000 00500nam a2200193Ia 4500
008 101110s9999 xx 000 0 und d
041 _aENGLISH
082 _bSR6944
100 _aLakhotia R.N.
245 _aPractical Problems on Income-Tax 11th Ed.
365 _b15
520 _aCommerce
546 _aENGLISH
630 _aPractical Problems on Income-Tax 11th Ed.
650 _aCommerce
655 _aCommerce
730 _aPractical Problems on Income-Tax 11th Ed.
942 _cBOOK
999 _c802701
_d802698